Т. 2; Русская литература XVIII века; Бедная Лиза; Остров Борнгольм; Моя исповедь; Рыцарь нашего времени; Чувствительный и холодный; Пригожая повариха, или Похождение развратной женщины; Путешествие из Петербурга в Москву; Дневник одной недели; Осмнадцатое столетие; Вадим Новгородский
| Parent link: | Русская литература XVIII века/ Институт "Открытое общество"; гл. ред. Д. В. Тевекелян; сост. А. Р. Курилкин, М. Л. Майофис. Т. 2.— , 2001-.— 5-85050-379-X |
|---|---|
| Language: | Russian |
| Published: |
2001
|
| TOC: | Бедная Лиза; Остров Борнгольм; Моя исповедь; Рыцарь нашего времени; Н. М. Карамзин, Чувствительный и холодный; М. Д. Чулков, Пригожая повариха, или Похождение развратной женщины; Путешествие из Петербурга в Москву; Дневник одной недели; А. Н. Радищев, Осмнадцатое столетие; Я. Б. Княжнин, Вадим Новгородский; |
| Subjects: |
Львов
> Н. А.
> российский архитектор
> художник
> 1751-1803/1804
> Николай Александрович
> поэт
> музыкант
Нелединский-Мелецкий
> Ю. А.
> русский поэт
> государственный деятель
> 1752-1829
> Юрий Александрович
|
| Format: | Book |
| KOHA link: | https://koha.lib.tpu.ru/cgi-bin/koha/opac-detail.pl?biblionumber=40274 |
MARC
| LEADER | 00000nam2a2200000 4500 | ||
|---|---|---|---|
| 001 | 40274 | ||
| 005 | 20231101210617.0 | ||
| 010 | |a 5850504702 | ||
| 035 | |a (RuTPU)RU\TPU\book\41302 | ||
| 035 | |a RU\TPU\book\41301 | ||
| 090 | |a 40274 | ||
| 100 | |a 20020507d2001 m y0rusy50 ca | ||
| 101 | 0 | |a rus | |
| 102 | |a RU | ||
| 105 | |a y z 000zd | ||
| 200 | 0 | |a Т. 2 | |
| 210 | |d 2001 | ||
| 215 | |a 672 с. | ||
| 320 | |a Комментарии: с. 568-595. | ||
| 320 | |a Словарь мифологических имен: с. 596-601. | ||
| 461 | 1 | |0 (RuTPU)RU\TPU\book\41629 |y 5-85050-379-X |t Русская литература XVIII века |f Институт "Открытое общество"; гл. ред. Д. В. Тевекелян; сост. А. Р. Курилкин, М. Л. Майофис |v Т. 2 |d 2001- |s Пушкинская библиотека | |
| 464 | |t Бедная Лиза | ||
| 464 | |t Остров Борнгольм | ||
| 464 | |t Моя исповедь | ||
| 464 | |t Рыцарь нашего времени | ||
| 464 | |t Чувствительный и холодный |f Н. М. Карамзин | ||
| 464 | |t Пригожая повариха, или Похождение развратной женщины |f М. Д. Чулков | ||
| 464 | |t Путешествие из Петербурга в Москву | ||
| 464 | |t Дневник одной недели | ||
| 464 | |t Осмнадцатое столетие |f А. Н. Радищев | ||
| 464 | |t Вадим Новгородский |o трагедия в стихах, в пяти действиях |f Я. Б. Княжнин |a Княжнин, Яков Борисович | ||
| 600 | 1 | |a Муравьев |g Михаил Никитич |b М. Н. |c русский писатель |c поэт |c государственный деятель |f 1757-1807 |2 stltpui |3 (RuTPU)RU\TPU\pers\157 | |
| 600 | 1 | |a Львов |b Н. А. |c российский архитектор |c художник |f 1751-1803/1804 |g Николай Александрович |c поэт |c музыкант |2 stltpush |3 (RuTPU)RU\TPU\pers\11028 | |
| 600 | 1 | |a Капнист |b В. В. |c российский поэт |c драматург |f 1758-1823 |g Василий Васильевич |2 stltpush |3 (RuTPU)RU\TPU\pers\11495 |9 2689 | |
| 600 | 1 | |a Хемницер |b И. И. |c российский поэт |c баснописец |f 1745-1784 |g Иван Иванович |2 stltpush |3 (RuTPU)RU\TPU\pers\11496 |9 2690 | |
| 600 | 1 | |a Карамзин |g Николай Михайлович |b Н. М. |c российский историк |c писатель |f 1766-1826 |c критик |2 stltpui |3 (RuTPU)RU\TPU\pers\35 | |
| 600 | 1 | |a Дмитриев |b И. И. |c русский поэт |f 1760-1837 |g Иван Иванович |2 stltpush |3 (RuTPU)RU\TPU\pers\11497 |9 2691 | |
| 600 | 1 | |a Нелединский-Мелецкий |b Ю. А. |c русский поэт |c государственный деятель |f 1752-1829 |g Юрий Александрович |2 stltpush |3 (RuTPU)RU\TPU\pers\11498 |9 2692 | |
| 600 | 1 | |a Чулков |b М. Д. |c русский писатель |c поэт |f 1743-1792 |g Михаил Дмитриевич |c драматург |c актер |2 stltpush |3 (RuTPU)RU\TPU\pers\11499 | |
| 600 | 1 | |a Радищев |g Александр Николаевич |b А. Н. |c русский мыслитель |c писатель |f 1749-1802 |2 stltpui |3 (RuTPU)RU\TPU\pers\1365 | |
| 600 | 1 | |a Княжнин |b Я. Б. |c российский драматург |c переводчик |f 1740-1791 |g Яков Борисович |2 stltpush |3 (RuTPU)RU\TPU\pers\11500 |9 2694 | |
| 600 | 1 | |a Державин |g Гаврила Романович |c русский поэт |f 1743-1816 |b Г. Р. |c представитель русского класссицизма |2 stltpui |3 (RuTPU)RU\TPU\pers\1475 | |
| 610 | 1 | |a русская литература | |
| 610 | 1 | |a 18 век | |
| 610 | 1 | |a классика | |
| 610 | 1 | |a проза | |
| 610 | 1 | |a поэзия | |
| 675 | |a Р1 |v 3 | ||
| 801 | 1 | |a RU |b 63413507 |c 20020507 |g PSBO | |
| 801 | 2 | |a RU |b 63413507 |c 20221201 |g PSBO | |
| 942 | |c BK | ||